|
|
|
|
| LEADER |
00000nam0a2200000 4500 |
| 001 |
362822 |
| 005 |
20231102011528.0 |
| 035 |
|
|
|a (RuTPU)RU\TPU\retro\20168
|
| 090 |
|
|
|a 362822
|
| 100 |
|
|
|a 20210826d1965 km y0rusy50 ca
|
| 101 |
0 |
|
|a rus
|
| 102 |
|
|
|a AZ
|
| 105 |
|
|
|a a z 001zy
|
| 200 |
1 |
|
|a Селевые явления бассейна р. Кишчай и мероприятия по борьбе с ними
|f ред. А. Г. Халилов [и др.]
|
| 210 |
|
|
|a Баку
|c Изд-во АН АзССР
|d 1965
|
| 215 |
|
|
|a 140 с.
|c ил.
|
| 320 |
|
|
|a Библиогр.: с. 136-139
|
| 606 |
1 |
|
|a Селевые потоки
|x (геология)
|2 stltpush
|3 (RuTPU)RU\TPU\subj\54413
|9 72570
|
| 610 |
1 |
|
|a Азербайджан
|
| 610 |
1 |
|
|a река Кишчай
|
| 610 |
1 |
|
|a геоморфология
|
| 610 |
1 |
|
|a геология
|
| 610 |
1 |
|
|a синоптико-климатические условия
|
| 610 |
1 |
|
|a гидрологический режим
|
| 610 |
1 |
|
|a растительность
|
| 610 |
1 |
|
|a почвенный покров
|
| 610 |
1 |
|
|a селевые явления
|
| 610 |
1 |
|
|a эрозия
|
| 610 |
1 |
|
|a методы борьбы
|
| 675 |
|
|
|a 551.311.8
|v 4
|
| 702 |
|
1 |
|a Халилов
|b А. Г.
|4 340
|
| 702 |
|
1 |
|a Прилипко
|b Л. И.
|4 340
|
| 702 |
|
1 |
|a Мамед-заде
|b М. Д.
|4 340
|
| 702 |
|
1 |
|a Назирова
|b Б. Т.
|4 340
|
| 801 |
|
1 |
|a RU
|b 63413507
|c 20210826
|
| 942 |
|
|
|c BK
|